LIBRARY & INFORMATION CENTRE, KCAET, TAVANUR

ONLINE PUBLIC ACCESS CATALOGUE (OPAC)

Electronic measurements / (Record no. 10671)

MARC details
000 -LEADER
fixed length control field 00454cam a2200169ua 4500
003 - CONTROL NUMBER IDENTIFIER
control field OSt
008 - FIXED-LENGTH DATA ELEMENTS--GENERAL INFORMATION
fixed length control field 250108b |||||||| |||| 00| 0 eng d
041 ## - LANGUAGE CODE
Language code of text/sound track or separate title eng
082 ## - DEWEY DECIMAL CLASSIFICATION NUMBER
Classification number 621.381548
Item number KAN/EL
100 ## - MAIN ENTRY--AUTHOR NAME
Personal name Kantrowitz, Philip .
245 ## - TITLE STATEMENT
Title Electronic measurements /
260 ## - PUBLICATION, DISTRIBUTION, ETC. (IMPRINT)
Place of publication New Jersey :
Name of publisher Prentice Hall Inc ,
Year of publication 1979.
300 ## - PHYSICAL DESCRIPTION
Number of Pages 398 ; .
700 1# - ADDED ENTRY--PERSONAL NAME
Personal name Kousourou, Gabriel .
700 1# - ADDED ENTRY--PERSONAL NAME
Personal name Zucker, Lawrence .
942 ## - ADDED ENTRY ELEMENTS (KOHA)
Koha item type Books
Holdings
Withdrawn status Lost status Damaged status Home library Current library Date acquired Full call number Accession Number Koha item type
      KAUAET KAUAET 07/04/2012 621.381548 KAN/EL 18101 Books
free website counter